000 00734nam a2200241Ia 4500
003 OSt
005 20220925164947.0
006 a|||||r|||| 00| 0
007 ta
008 220923b |||||||| |||| 00| 0 eng d
037 _cGeneral Book
040 _aRTL
_cRTL
_beng
041 _2eng
_aeng
082 _aX:97.3.N8, M3
100 _aHussey Roger
_9231841
245 0 _aDisclosure of information and employee reporting
260 _aAldershot
_bGower House
_c1983
300 _aix, 220p. Bib. p 206-14, Appendix p 162-205
_ccm.
650 _aIndustrial Relation
_9231842
700 _a Marsh Arthur
_9231843
942 _hX:97.3.N8, M3
_cGB
_2CC
999 _c476163
_d476163